| 000 | 00707nam a22002177a 4500 | ||
|---|---|---|---|
| 003 | UA-OsUOA | ||
| 001 | 65219 | ||
| 007 | ta | ||
| 008 | 20091118b un ||||| |||| 00| 0 ukr d | ||
| 090 |
_a341.24 _bС23 |
||
| 942 | _cBK | ||
| 040 |
_aUA-OsUOA _brus _cUA-OsUOA _dUA-OsUOA |
||
| 245 |
_aСборник нормативно-правовых актов государств Восточной Европы и Центральной Азии по вопросам гражданства _cАндриенко В. |
||
| 300 | _a600 с. | ||
| 955 | _a1 | ||
| 041 | _arus | ||
| 080 | _a341.24 | ||
| 260 |
_aК. _bУВКБ ООН _c2005 |
||
| 650 | 7 |
_a341 Міжнародне право _2UDC |
|
| 999 |
_c351332 _d351332 |
||